000 00506nam a2200217Ia 4500
003 IT-RoPAU
008 120407s9999 xx 000 0 und d
040 _aIT-RoPAU
040 _cIT-RoPAU
041 _aita
100 _aMichele Moramarco
245 _aNuova Enciclopedia Massonica.
250 _aReggio Emilia
260 _aCesas
260 _c1989
300 _c30,5 cm
490 _v1
600 _a"1. Volume Primo 582 p. 2. Volume Secondo 624 p."
942 _cBK
999 _c17311
_d17311